| 000 | 00429cam a2200181ua 4500 | ||
|---|---|---|---|
| 020 | _c4.00 | ||
| 041 |
_aeng _h |
||
| 082 |
_a824 _bJAG/TH |
||
| 100 | _aJagadisan, T S . | ||
| 245 |
_aThumbs-Nail sketches / _cT N Jagadisan. _hTextual Documents |
||
| 250 |
_a1 / _b. |
||
| 260 |
_aChennai : _bS.Viswanathan , _c1946. |
||
| 300 |
_a246 ; _eAtlas. |
||
| 365 | _a4.00 | ||
| 504 | _a | ||
| 942 | _cBK | ||
| 999 |
_c5297 _d5297 |
||